Bilecik Bilecik Bilecik Bilecik Bilecik

Mutluluk psikolojisi : (Record no. 9301)

MARC details
000 -BAŞLIK
Sabit Uzunluktaki Kontrol Alanı 01669nam a22003497a 4500
001 - KONTROL NUMARASI
Control Dosyası 0009329
003 - KONTROL NUMARASI KİMLİĞİ
Kontrol Alanı KOHA_MİRAKIL
005 - EN SON İŞLEM TARİHİ ve ZAMANI
Kontrol Alanı 20260207001705.0
007 - FİZİKSEL TANIM SABİT ALAN - GENEL BİLGİ
Sabit uzunluklu kontrol alanı ta
008 - SABİT UZUNLUKTAKİ VERİ ÖGELERİ - GENEL BİLGİ
Sabit Alan 091120b2006 tu |||gr||||#0|||0|tur |
020 ## - ISBN - ULUSLARARASI STANDART KİTAP NUMARASI
Isbn 975362641X
040 ## - KATALOGLAMA KAYNAĞI
Özgün Kataloglama Kurumu TR-BiSEU
Kataloglama Dili tur
Çeviri Kurumu TR-BiSEU
Açıklama Kuralları rda
041 0# - DİL KODU
Metin ya da ses kaydının dil kodu tur
044 ## - YAYINLAYAN/ÜRETEN KURULUŞUN ÜLKE KODU
ISO country code tu
050 ## - SINIFLAMA ve YER NUMARASI
Sınıflama Numarası BF575
Yer Numarası .T37 2006
100 1# - KİŞİ ADI
Yazar Adı (Kişi adı) Tarhan, Nevzat.
245 1# - ESER ADI BİLDİRİMİ
Başlık Mutluluk psikolojisi :
Alt Eseradı vb. stresi mutluluğa dönüştürmek/
Sorumluluk Bildirimi Nevzat Tarhan ; Nevzat Tarhan.
264 #1 - ÜRERİM, YAYIN, DAĞITIM ve TELİF BİLDİRİMİ
Yayın yeri İstanbul :
Yayınlayan Timaş Yayınları
Yayın tarihi 2006
300 ## - FİZİKSEL TANIMLAMA
Sayfa, Cilt vb. 184 sayfa
336 ## - İÇERİK TÜRÜ
Content type term metin
Content type code txt
Source rdacontent
337 ## - MEDYA TÜRÜ
Media type term aracısız
Media type code n
Source rdamedia
338 ## - TAŞIYICI TÜRÜ
Carrier type term cilt
Carrier type code nc
Source rdacarrier
490 1# - DİZİ BİLDİRİMİ
Dizi Bildirimi Timaş yayınları ;
Cilt Numarası 724.
490 1# - DİZİ BİLDİRİMİ
Dizi Bildirimi Psikoloji dizisi ;
Cilt Numarası 3.
500 ## - GENEL NOT
Genel Not Kaynakça var.
505 ## - İÇİNDEKİLER NOTU
İçindekiler Notu İnsan beyni, adeta bir orkestra şefidir. Ruh yapımız ve kişiliğimiz, beyin aracılığı ile kendini ifade etmektedir. Beynimizin stres altında kalması, bütün organlarımızın faaliyetine olumsuz etki yapacaktır.Stres ve zaman yönetiminde; duygu, düşünce ve davranış denetiminde beynimizi doğru kullanırsak, mutlu, başarılı ve nitelikli yaşayabiliriz. Bu yaşantı bizim vereceğimiz kararlara bağlı olduğuna göre, dünyayı değiştirmek yerine kendimizi değiştirmeye öncelik vermeliyiz.
650 #0 - KONU BAŞLIĞI EK GİRİŞ - KONU TERİMİ
Konusal terim veya coğrafi ad Mutluluk.
9 (RLIN) 10973
830 1# - SERİ EK GİRİŞİ - TEKBİÇİM ESER ADI
Tekbiçim Başlık Timaş yayınları ;
Volume number/sequential designation 724.
9 (RLIN) 8079
830 1# - SERİ EK GİRİŞİ - TEKBİÇİM ESER ADI
Tekbiçim Başlık Psikoloji dizisi ;
Volume number/sequential designation 3.
9 (RLIN) 6558
907 ## - LOCAL DATA ELEMENT G, LDG (RLIN)
a Okuma Kitabı
942 ## - EK GİRİŞ ÖGELERİ (KOHA)
Source of classification or shelving scheme Library of Congress Classification
Koha item type Book
505 ## - İÇİNDEKİLER NOTU
--
-- Bu kitabın amacı, yaygın hastalıklardan pek çoğunun temel kaynağı olan stresi mutluluğa dönüştürmenin püf noktalarını vurgulamaktadır.
Holdings
Materyal Türü Kalıcı Konum Mevcut Konum Raf Yeri Sınıflandırma Kaynağı Edinim Bilgisi Ana Konular Alt Konular Yer Numarası Demirbaş Numarası Fatura Tarihi Maliyet, Alış Fiyatı Maliyet, Yenileme Fiyatı Geri Çekilme Durumu Kayıp Durumu Hasarlı Durumu Kredi için değil Kayıt Tarih Toplam Ödünçverme Son Görülme Tarihi Son Kontrol Tarihi
Book Prof. Dr. Azmi Özcan Kütüphanesi Prof. Dr. Azmi Özcan Kütüphanesi Uluğbey Salonu Library of Congress Classification Satın FELSEFE, PSİKOLOJİ, DİN Psikoloji BF575 .T37 2006 0009329 20/11/2009 7.72 7.72         20/11/2009 22 05/12/2024 05/12/2024